MARC

LEADER 00000nam1a2200000 4500
001 117741
005 20250424165145.0
010 |a 5939150756 
035 |a (RuTPU)RU\TPU\book\127446 
090 |a 117741 
100 |a 20070606d2006 m y0rusy50 ca 
101 0 |a rus 
102 |a RU 
200 1 |a Экология  |e учебное пособие  |f В. Ф. Панин, А. И. Сечин, В. Д. Федосова  |g Северская государственная технологическая академия; Томский политехнический университет 
210 |a Северск  |c Изд-во СГТА  |d 2006 
712 0 2 |a Северская государственная технологическая академия  |c (2005-2009)  |3 (RuTPU)RU\TPU\col\9585  |4 570  |9 24730 
712 0 2 |a Томский политехнический университет  |c (1991-2009)  |3 (RuTPU)RU\TPU\col\376  |4 570  |9 23382 
801 1 |a RU  |b 63413507  |c 20070606  |g PSBO 
801 2 |a RU  |b 63413507  |c 20160125  |g PSBO 
850 |a 63413507 
942 |c BK